Spotreba domácností na Slovensku vo svetle zmien príjmov a cien

Salvato in:
Dettagli Bibliografici
Autore principale: Dováľová, Gabriela, 1982-
Altri autori: König, Brian, 1983-, Košta, Ján, Surmanová, Kvetoslava
Natura: Libro
Lingua:slovacco
Pubblicazione: Bratislava Ekonomický ústav SAV 2017
Edizione:1. vyd.
Serie:Working papers 92
Soggetti:
Tags: Aggiungi Tag
Nessun Tag, puoi essere il primo ad aggiungerne!!

MARC

LEADER 00000nlm a2200000 4500
001 0233404
005 20240502073806.4
022 |a 1337-5598 
041 0 |a slo 
044 |a SK 
245 1 0 |a Spotreba domácností na Slovensku vo svetle zmien príjmov a cien  |c Gabriela Dováľová, Brian König ; recenzenti: Ján Košta, Kvetoslava Surmanová 
250 |a 1. vyd. 
264 1 |a Bratislava  |b Ekonomický ústav SAV  |c 2017 
300 |a online [27 s., 33,34 NS] 
490 1 |a Working papers  |v 92 
830 0 |a Working papers  |v 92 
610 2 0 |a spotreba domácností 
610 2 0 |a príjmy domácností 
610 2 0 |a vývoj cenový 
610 2 0 |a trh práce 
610 2 0 |a úspory obyvateľstva 
610 2 0 |a zadlženosť 
610 2 0 |a nerovnosť príjmová 
610 2 0 |a Slovensko 
100 1 |a Dováľová, Gabriela, 1982- 
700 1 |a König, Brian, 1983- 
700 1 |a Košta, Ján 
700 1 |a Surmanová, Kvetoslava